|
|
|
|
| LEADER |
00000nas a2200000 a 4500 |
| 001 |
ssj0009468 |
| 003 |
WaSeSS |
| 005 |
20200512172242.0 |
| 006 |
m d |
| 007 |
cr n |
| 008 |
950123c19829999mdufr pss 0 a0eng c |
| 010 |
|
|
|a sn 95007070
|
| 016 |
7 |
|
|a 1481152-2
|2 DE-600
|
| 016 |
7 |
|
|a 1481152-2
|
| 016 |
7 |
|
|a EM501481152
|
| 022 |
|
|
|a 1080-6571
|l 0278-9671
|y 0278-9671
|
| 035 |
|
|
|a (WaSeSS)ssj0009468
|
| 037 |
|
|
|b Johns Hopkins University Press, PO Box 19966, Baltimore, MD 21211; Email: jlorder@jhunix.hcf.jhu.edu
|
| 040 |
|
|
|a NSD
|b eng
|c NSD
|d OCL
|d NSD
|d GUA
|d IUL
|d GUA
|d IUL
|d WAU
|d OCL
|d IUL
|d OCL
|d GUA
|d OCLCQ
|d MUQ
|d OCL
|d IUL
|d UQ1
|d OCLCQ
|d OCLCA
|d OCLCQ
|d OCLCA
|d OCLCF
|d VT2
|d EUW
|d OCLCQ
|d SUNDV
|d OCLCO
|d OCLCQ
|d EZC
|d GILDS
|d OCLCO
|d OCLCA
|d WaSeSS
|
| 042 |
|
|
|a nsdp
|a pcc
|
| 050 |
1 |
4 |
|a PN56.M38
|
| 082 |
1 |
0 |
|a 809
|2 12
|
| 130 |
0 |
|
|a Literature and medicine (Online)
|
| 210 |
0 |
|
|a Lit. med.
|b (Online)
|
| 222 |
|
0 |
|a Literature and medicine
|b (Online)
|
| 245 |
1 |
0 |
|a Literature and medicine
|h [electronic resource].
|
| 260 |
|
|
|a Baltimore, Md. :
|b Johns Hopkins University Press
|
| 310 |
|
|
|a Semiannual
|
| 362 |
1 |
|
|a Print began in 1982.
|
| 506 |
|
|
|a License restrictions may limit access.
|
| 538 |
|
|
|a Mode of access: World Wide Web.
|
| 550 |
|
|
|a Issued by: Institute for the Medical Humanities, University of Texas Medical Branch; University of Illinois College of Medicine; and the English Department of the University of Illinois at Chicago.
|
| 588 |
|
|
|a Description based on: 14.1 (spring 1995); title from title screen.
|
| 588 |
|
|
|a Latest issue consulted: 15.2 (fall 1996).
|
| 650 |
|
0 |
|a Literature and medicine
|v Periodicals.
|
| 650 |
|
6 |
|a Littérature et médecine
|v Périodiques.
|
| 650 |
|
7 |
|a Literature and medicine.
|2 fast
|0 (OCoLC)fst01000080
|
| 650 |
|
7 |
|a Medizin
|2 gnd
|
| 650 |
|
7 |
|a Literatur
|2 gnd
|
| 650 |
|
7 |
|a Littérature.
|2 rasuqam
|
| 650 |
|
7 |
|a Thème littéraire.
|2 rasuqam
|
| 650 |
|
7 |
|a Médecine.
|2 rasuqam
|
| 650 |
|
7 |
|a Maladie.
|2 rasuqam
|
| 650 |
|
7 |
|a Corps humain.
|2 rasuqam
|
| 655 |
|
0 |
|a Electronic journals.
|
| 710 |
2 |
|
|a University of Texas Medical Branch at Galveston.
|b Institute for the Medical Humanities.
|
| 710 |
2 |
|
|a College of Medicine at Chicago.
|
| 710 |
2 |
|
|a University of Illinois at Chicago.
|b Department of English.
|
| 776 |
1 |
|
|t Literature and medicine
|x 0278-9671
|w (DLC) 83640836
|w (OCoLC)7920375
|
| 850 |
|
|
|a GU
|
| 856 |
4 |
0 |
|z Full text available from Research Library: 04/01/1996 to 1 year ago
|u https://search.proquest.com/publication/36774
|